LEADER 01030nam a2200241 i 4500 001 991000502279707536 008 090604s2008 it b 001 0 ita d 035 $ab13866874-39ule_inst 040 $aDip.to Matematica$beng 084 $aAMS 65F10 084 $aAMS 65F50 084 $aAMS 65N22 100 1 $aTarantino, Diego$0472251 245 10$aMetodi numerici iterativi per sistemi lineari sparsi. Tesi di laurea /$claureando Diego Tarantino; relatrice Ivonne Sgura 260 $aLecce :$bUniversità del Salento. Facoltà di Scienze MM. FF. NN. Corso di laurea Specialistica in Matematica,$ca.a. 2008-09 300 $a34 p. ;$c29 cm 700 1 $aSgura, Ivonne 907 $a.b13866874$b02-04-14$c21-12-09 912 $a991000502279707536 945 $aLE013 TES 2008/09 TAR1$g1$i2013000211060$lle013$og$pE15.00$q-$rl$so $t0$u0$v0$w0$x0$y.i15052023$z21-12-09 996 $aMetodi numerici iterativi per sistemi lineari sparsi. Tesi di laurea$9231480 997 $aUNISALENTO 998 $ale013$b15-12-09$cm$da $e-$fita$git $h0$i0 LEADER 01966nas 2200433 n 450 001 990008915800403321 005 20240229084255.0 011 $a1017-2122 035 $a000891580 035 $aFED01000891580 035 $a(Aleph)000891580FED01 035 $a000891580 091 $2CNR$aP 00051496 100 $a20090724b19601965km-y0itaa50------ba 101 0 $ager 102 $aCH 110 $aauu-------- 200 1 $aBasler Beiträge zur Geographie und Ethnologie$eHefte für jurassische und oberrheinische Landeskunde 207 1$a1960-1965 210 $aBasel$cPharos-Verlag, H. Schwabe 422 0$1001000903753$12001$aRegio Basiliensis$eHefte fuer jurassische und oberrheinische Landeskunde 446 0$12001$aBasler Beitrage zur Geographie 446 0$12001$aBasler Beitrage zur Ethnologie 530 0 $aBasler Beiträge zur Geographie und Ethnologie 675 $a91 675 $a37 675 $a39 675 $a572 712 02$aGeographisch-Ethnologische Gesellschaft Basel 801 0$aIT$bACNP$c20090723 859 4 $uhttp://acnp.cib.unibo.it/cgi-ser/start/it/cnr/dc-p1.tcl?catno=34992&person=false&language=ITALIANO&libr=&libr_th=unina1$zBiblioteche che possiedono il periodico 901 $aSE 912 $a990008915800403321 958 $aNucleo Bibliotecario di Geografia.Facoltà di Lettere e Filosofia.Università degli Studi di Napoli Federico II$b1960-1965.$ePERIOD 32$fILFGE 959 $aILFGE 996 $aBasler Beiträge zur Geographie und Ethnologie$9799462 997 $aUNINA AP1 8 $6866-01$aNA239 Nucleo Bibliotecario di Geografia.Facoltà di Lettere e Filosofia.Università degli Studi di Napoli Federico II$bPERIOD 32$evia Rodinò 22/Largo S. Marcellino 10, 80138 Napoli (NA)$m0812538238$nit AP2 40$aacnp.cib.unibo.it$nACNP Italian Union Catalogue of Serials$uhttp://acnp.cib.unibo.it/cgi-ser/start/it/cnr/df-p.tcl?catno=34992&language=ITALIANO&libr=&person=&B=1&libr_th=unina&proposto=NO